Practical industrial data networks: design, installation and troubleshooting

Bewaard in:
Bibliografische gegevens
Hoofdauteur: Steve Mackay
Formaat: Boek
Taal:Undetermined
Gepubliceerd in: Amsterdam Newnes 2004
Onderwerpen:
Tags: Voeg label toe
Geen labels, Wees de eerste die dit record labelt!
Thư viện lưu trữ: Trung tâm Học liệu Trường Đại học Cần Thơ
LEADER 00663nam a2200205Ia 4500
001 CTU_62662
008 210402s9999 xx 000 0 und d
082 |a 004.36 
082 |b P896 
100 |a Steve Mackay 
245 0 |a Practical industrial data networks: design, installation and troubleshooting 
245 0 |c Steve Mackay...[et al] 
260 |a Amsterdam 
260 |b Newnes 
260 |c 2004 
526 |a Mạng truyền thông công nghiệp nâng cao 
526 |b CNT606 
650 |a computer networks,electronic data processing distributed processing 
904 |i TUYẾN 
980 |a Trung tâm Học liệu Trường Đại học Cần Thơ